Những cái khôn của người xưa

Guardat en:
Dades bibliogràfiques
Autor principal: Lam Giang
Altres autors: Nguyễn, Quang Trứ
Format: Llibre
Idioma:Vietnamese
Publicat: Hà Nội Thanh niên 1999
Matèries:
Etiquetes: Afegir etiqueta
Sense etiquetes, Sigues el primer a etiquetar aquest registre!
Thư viện lưu trữ: Trung tâm Học liệu Lê Vũ Hùng, Trường Đại học Đồng Tháp
LEADER 00735pam a22002418a 4500
001 00041291
005 20180412090443.0
008 141029s2014 ||||||viesd
041 0 # |a vie 
082 1 4 |a 170  |b NH556C 
100 1 # |a Lam Giang 
245 1 0 |c Lam Giang; Nguyễn Quang Trứ  |a Những cái khôn của người xưa 
260 # # |c 1999  |a Hà Nội  |b Thanh niên 
300 # # |a 224tr.  |c 27 cm. 
653 # # |a Con người 
653 # # |a Đạo đức 
653 # # |a tâm lý 
653 # # |a Thành công 
653 # # |a Trí tuệ 
700 1 # |a Nguyễn, Quang Trứ 
852 # # |j KD.0023513 
910 |d 12/04/2018 
980 # # |a Trung tâm Học liệu Lê Vũ Hùng, Trường Đại học Đồng Tháp